El surgimiento de Roma : VI a.C.-I a.C.

Guardado en:
Formato: Deslizar
Series:La tradición de Occidente
Materias:
Etiquetas: Agregar Etiqueta
Sin Etiquetas, Sea el primero en etiquetar este registro!
LEADER 00848ngm a22002295g 4500
001 CEM.cems022527
008 130507b2000##################0###0#####d
005 20241106142028.0
245 0 0 |a El surgimiento de Roma :  |b VI a.C.-I a.C. 
300 |a 28'. 
490 0 |a La tradición de Occidente 
500 |a En soporte VHS, consultar en ventanilla. 
505 0 |a Características sociales, políticas y económicas de la primera sociedad romana. Las legiones romanas y sus conquistas. Guerras Púnicas. 
538 |a Soporte: VHS - Norma: Pal N - Color: Si - Grabación DRD 2000 - Hitachi=0000 
082 9 3 |/ WGB 
653 |a HISTORIA ANTIGUA 
653 |a ROMA 
653 |a OCCIDENTE 
653 |a GUERRAS PUNICAS 
653 |a EDAD ANTIGUA 
653 |a NIVEL SECUNDARIO. 
859 |a CEMS  |b BIB. CEMS - Depto. Recursos Didacticos  |h 937  |i WGB  |k DRD  |p 1170.12  |t Ej.1